<?xml version="1.0" encoding="UTF-8"?>
<record
    xmlns:xsi="http://www.w3.org/2001/XMLSchema-instance"
    xsi:schemaLocation="http://www.loc.gov/MARC21/slim http://www.loc.gov/standards/marcxml/schema/MARC21slim.xsd"
    xmlns="http://www.loc.gov/MARC21/slim">

  <leader>01600nam a2200253 a 4500</leader>
  <controlfield tag="003">OSt</controlfield>
  <controlfield tag="005">20210126120656.0</controlfield>
  <controlfield tag="008">180327s2006   dr            000 0 spa d</controlfield>
  <datafield tag="040" ind1=" " ind2=" ">
    <subfield code="a">DO-SdBNP</subfield>
    <subfield code="b">spa</subfield>
    <subfield code="c">BNPHU</subfield>
  </datafield>
  <datafield tag="082" ind1=" " ind2="4">
    <subfield code="a">352.48</subfield>
    <subfield code="b">R426p,  2006</subfield>
    <subfield code="2">22</subfield>
  </datafield>
  <datafield tag="110" ind1="2" ind2=" ">
    <subfield code="a">Rep&#xFA;blica Dominicana</subfield>
    <subfield code="9">11088</subfield>
    <subfield code="b">Oficina Nacional de Presupuesto </subfield>
  </datafield>
  <datafield tag="240" ind1=" " ind2=" ">
    <subfield code="a"> </subfield>
  </datafield>
  <datafield tag="245" ind1="1" ind2="0">
    <subfield code="a">Presupuesto de ingresos y egresos del gobierno central , 2006</subfield>
  </datafield>
  <datafield tag="260" ind1=" " ind2=" ">
    <subfield code="a">Santo Domingo :</subfield>
    <subfield code="b">Oficina Nacional de Presupuesto,</subfield>
    <subfield code="c">2006</subfield>
  </datafield>
  <datafield tag="300" ind1=" " ind2=" ">
    <subfield code="a">516 p. ;</subfield>
    <subfield code="c">28 cm.</subfield>
  </datafield>
  <datafield tag="500" ind1=" " ind2=" ">
    <subfield code="a">Publicaci&#xF3;n oficial </subfield>
  </datafield>
  <datafield tag="505" ind1="2" ind2=" ">
    <subfield code="a">  Primera parte : Presupuesto de ingresos y ley de gastos  p&#xFA;blicos --</subfield>
    <subfield code="t">Segunda parte : Informaci&#xF3;n  de los ingresos  --</subfield>
    <subfield code="t">Informaci&#xF3;n de los egresos --</subfield>
    <subfield code="t"> Informaci&#xF3;n de la cuenta ahorro inversi&#xF3;n financiamiento --</subfield>
    <subfield code="t">Transferencias a instituciones por fuente de financiamiento --</subfield>
    <subfield code="t">Tercera parte : Distribuci&#xF3;n institucional de los egresos presupuestados --</subfield>
    <subfield code="t">Poder Legislativo --</subfield>
    <subfield code="t">Poder Ejecutivo --</subfield>
    <subfield code="t">Poder Judicial --</subfield>
    <subfield code="t">Organismos especiales --</subfield>
    <subfield code="t">Programas virtuales --</subfield>
    <subfield code="t">Cuarta parte : Transferencias corrientes a organizaciones no gubernamentales (ONG) --</subfield>
    <subfield code="t">Proyectos de inversiones p&#xFA;blicas financiados con recursos internos y externos clasificados por cap&#xED;tulos, programas, fondos y organismo financiador. </subfield>
  </datafield>
  <datafield tag="590" ind1=" " ind2=" ">
    <subfield code="a">Inventariado, 2021 /VM</subfield>
  </datafield>
  <datafield tag="650" ind1=" " ind2="4">
    <subfield code="a">Presupuesto</subfield>
    <subfield code="z">Rep&#xFA;blica Dominicana</subfield>
    <subfield code="9">7940</subfield>
    <subfield code="2"> </subfield>
    <subfield code="y">2006</subfield>
  </datafield>
  <datafield tag="650" ind1=" " ind2="4">
    <subfield code="a">Hacienda p&#xFA;blica</subfield>
    <subfield code="z">Rep&#xFA;blica Dominicana</subfield>
    <subfield code="9">6562</subfield>
    <subfield code="y">2006</subfield>
  </datafield>
  <datafield tag="650" ind1=" " ind2="4">
    <subfield code="a">Gasto p&#xFA;blico</subfield>
    <subfield code="z">Rep&#xFA;blica Dominicana</subfield>
    <subfield code="9">3033</subfield>
    <subfield code="v">2006</subfield>
  </datafield>
  <datafield tag="910" ind1=" " ind2=" ">
    <subfield code="a">VMateo /Validado. Control de calidad MFF</subfield>
  </datafield>
  <datafield tag="942" ind1=" " ind2=" ">
    <subfield code="2">ddc</subfield>
    <subfield code="c">LBS1</subfield>
  </datafield>
  <datafield tag="952" ind1=" " ind2=" ">
    <subfield code="0">0</subfield>
    <subfield code="1">0</subfield>
    <subfield code="2">ddc</subfield>
    <subfield code="5">1</subfield>
    <subfield code="7">1</subfield>
    <subfield code="8">PD</subfield>
    <subfield code="a">BNPHU</subfield>
    <subfield code="b">PD</subfield>
    <subfield code="c">HD</subfield>
    <subfield code="d">2021-01-13</subfield>
    <subfield code="e">ONAPRES</subfield>
    <subfield code="l">0</subfield>
    <subfield code="o">BNPHU PD 352.48 R426p 2006</subfield>
    <subfield code="p">2021-0084</subfield>
    <subfield code="r">2021-01-13</subfield>
    <subfield code="w">2021-01-13</subfield>
    <subfield code="y">LFPD</subfield>
  </datafield>
  <datafield tag="952" ind1=" " ind2=" ">
    <subfield code="0">0</subfield>
    <subfield code="1">0</subfield>
    <subfield code="2">ddc</subfield>
    <subfield code="5">1</subfield>
    <subfield code="7">2</subfield>
    <subfield code="8">PD</subfield>
    <subfield code="a">BNPHU</subfield>
    <subfield code="b">PD</subfield>
    <subfield code="c">HD</subfield>
    <subfield code="d">2021-01-13</subfield>
    <subfield code="e">ONAPRES</subfield>
    <subfield code="l">0</subfield>
    <subfield code="o">BNPHU PD 352.48 R426p 2006</subfield>
    <subfield code="p">2021-0085</subfield>
    <subfield code="r">2021-01-13</subfield>
    <subfield code="t">e. 2</subfield>
    <subfield code="w">2021-01-13</subfield>
    <subfield code="y">LFPD</subfield>
  </datafield>
  <datafield tag="999" ind1=" " ind2=" ">
    <subfield code="c">49321</subfield>
    <subfield code="d">49321</subfield>
  </datafield>
</record>
